000 00352nam a2200157Ia 4500
003 OSt
005 20240203151337.0
008 170523s9999 xx 000 0 und d
020 _a978-0844235981
040 _ciimt university meerut
100 _aBENNETT- PETER D
245 0 _aMARKETING
260 _bMC GRAW HILL
260 _c1988
942 _2ddc
_c02
999 _c278
_d278